000 00742nam a2200265Ia 4500
003 OSt
005 20220927110739.0
006 a|||||r|||| 00| 0
007 ta
008 220926b |||||||| |||| 00| 0 eng d
024 _a129707
037 _cReports
040 _aRTL
_cRTL
_beng
041 _2eng
_aeng
082 _a"V2793:1r, K0/GD"
110 _aManipur (Government of )
_9380113
245 0 _aAnnual administration report
260 _aManipur
_bManipur Administration India
_c1960
300 _a57p.
_ccm.
490 _v1959 (57p)
650 _aHistory of Manipur
_9380114
700 _aManipur (Government of )
_9380115
942 _h"V2793:1r, K0/GD"
_cCC
999 _c697817
_d697817